ՀՀ Գիտությունների ազգային ակադեմիայի հիմնարար գիտական գրադարան  =   Fundamental Scientific Library of NAS RA

Մի անգամ աշնանը : (Record no. 88400)

MARC details
000 -LEADER
fixed length control field 00761nam a2200217 a 4500
001 - CONTROL NUMBER
control field 000247384
003 - CONTROL NUMBER IDENTIFIER
control field AM-YeHGA
005 - DATE AND TIME OF LATEST TRANSACTION
control field 20250618071649.0
008 - FIXED-LENGTH DATA ELEMENTS--GENERAL INFORMATION
fixed length control field 030716s1935 ai |||||r|||||||||0|arm|d
040 ## - CATALOGING SOURCE
Original cataloging agency AM-YeHGA
041 1# - LANGUAGE CODE
Language code of text/sound track or separate title arm
090 ## - LOCALLY ASSIGNED LC-TYPE CALL NUMBER (OCLC); LOCAL CALL NUMBER (RLIN)
-- 89686
100 1# - MAIN ENTRY--PERSONAL NAME
Personal name Գորկի, Մաքսիմ,
Dates associated with a name 1868-1936
9 (RLIN) 21
245 10 - TITLE STATEMENT
Title Մի անգամ աշնանը :
Remainder of title [Պատմվածք] /
Statement of responsibility, etc. Մ. Գորկի ; Թարգմ.՝ Ստ. Շահումյան.
250 ## - EDITION STATEMENT
Edition statement Յերկրորդ հրատ.
260 ## - PUBLICATION, DISTRIBUTION, ETC.
Place of publication, distribution, etc. Երևան :
Name of publisher, distributor, etc. Պետհրատ,
Date of publication, distribution, etc. 1935.
300 ## - PHYSICAL DESCRIPTION
Extent 38 էջ ;
Dimensions 15 սմ.
650 10 - SUBJECT ADDED ENTRY--TOPICAL TERM
Topical term or geographic name entry element Ռուս գրականություն
General subdivision Պատմվածք
9 (RLIN) 4645
700 1# - ADDED ENTRY--PERSONAL NAME
Personal name Շահումյան, Ստեփան Գևորգի,
Dates associated with a name 1878-1918
Relator term թարգմ.
Relationship trl
9 (RLIN) 8623
942 ## - ADDED ENTRY ELEMENTS (KOHA)
Source of classification or shelving scheme Universal Decimal Classification
Koha item type Գրքեր / Books
Holdings
Withdrawn status Lost status Damaged status Not for loan Collection Home library Current library Date acquired Total checkouts Full call number Barcode Date last seen Cost, replacement price Price effective from Koha item type Public note
        General Fundamental Scientific Library Fundamental Scientific Library 22/12/2016   AI/3407 FL0037939 22/12/2016 40.00 22/12/2016 Գրքեր / Books 30 Days Loan
        General Fundamental Scientific Library Fundamental Scientific Library 22/12/2016   AI/7958 FL0043926 22/12/2016 25.00 22/12/2016 Գրքեր / Books 30 Days Loan


ՀՀ ԳԱԱ հիմնարար գիտական գրադարան
ՀՀ,Երևան 0019
Մարշալ Բաղրամյան 24/6
հեռախոս:(374-10) 52-47-50
Հետադարձ կապ

All site content, except where otherwise noted, is licensed under a
Creative Commons License